NFL Starting Quarterbacks - Statistics

General Stats
  • This quiz has been taken 401 times
  • The average score is 25 of 32
Answer Stats
Team Name Quarterback % Correct
New England Patriots Tom Brady
98%
New York Giants Eli Manning
97%
Denver Broncos Peyton Manning
97%
Green Bay Packers Aaron Rodgers
91%
Carolina Panthers Cam Newton
91%
Seattle Seahawks Russell Wilson
91%
Cincinnati Bengals Andy Dalton
90%
New Orleans Saints Drew Brees
89%
San Diego Chargers Philip Rivers
88%
Kansas City Chiefs Alex Smith
87%
Pttsburgh Steelers Ben Roethlisberger
87%
Detroit Lions Matthew Stafford
87%
Atlanta Falcons Matt Ryan
87%
Baltimore Ravens Joe Flacco
86%
Oakland Raiders Derek Carr
85%
Indianapolis Colts Andrew Luck
82%
Washington Redskins Kirk Cousins
82%
Dallas Cowboys Tony Romo
82%
Arizona Cardinals Carson Palmer
78%
Tampa Bay Buccaneers Jameis Winston
77%
Miami Dolphins Ryan Tannehill
77%
Jacksonville Jaguars Blake Bortles
72%
Chicago Bears Jay Cutler
69%
St. Louis Rams Nick Foles
69%
Tennessee Titans Marcus Mariota
67%
Buffalo Bills Tyrod Taylor
66%
New York Jets Ryan Fitzpatrick
64%
Minnesota Vikings Teddy Bridgewater
61%
San Francisco 49ers Blaine Gabbert
60%
Cleveland Browns Johnny Manziel
53%
Philadelphia Eagles Sam Bradford
52%
Houston Texans Brian Hoyer
26%
No matching quizzes found
Score Distribution
Percent of People with Each Score
Percentile by Number Answered
Your Score History
You have not taken this quiz